Les meilleurs buteurs de l'histoire du Montpellier HSC - Statistiques

Statistiques générales
  • Ce quiz a été pris 56 fois
  • Le résultat moyen est 4 sur 10
Statistiques - réponses
Buts Nationalité Joueur % Correct
39 France Olivier Giroud
87%
76 Sénégal Souleymane Camara
72%
47 France / Algerie Andy Delort
70%
51 France Laurent Blanc
67%
39 France Gaëtan Laborde
57%
38 France Téji Savanier
57%
54 Colombie Víctor Montaño
20%
48 France Christophe Sanchez
2%
43 France Fabrice Divert
2%
46 France Philippe Delaye
2%
Aucun quiz correspondant
Distribution des résultats
% des personnes avec chaque résultat
Percentile par nombre de réponses
Votre historique - résultats
Vous n’avez pas pris ce quiz